|
|
|
|
| LEADER |
02186nam a2200301 i 4500 |
| 003 |
GR-PaULI |
| 005 |
20220428112156.0 |
| 008 |
211103t2008 gr g 000 f gre d |
| 952 |
|
|
|0 0
|1 0
|2 ddc
|3 τ.1
|4 0
|6 889_334000000000000_ΚΑΝ
|7 1
|9 329994
|a LISP
|b LISP
|c DON
|d 2021-11-03
|e ΨΥΧ
|i 253627
|l 0
|o 889.334 ΚΑΝ
|p 025000287729
|r 2021-11-03 00:00:00
|t 1
|w 2021-11-03
|y BKN
|
| 952 |
|
|
|0 0
|1 0
|2 ddc
|3 τ.2
|4 0
|6 889_334000000000000_ΚΑΝ
|7 1
|9 329995
|a LISP
|b LISP
|c DON
|d 2021-11-03
|e ΨΥΧ
|i 253626
|l 0
|o 889.334 ΚΑΝ
|p 025000287730
|r 2021-11-03 00:00:00
|t 1
|v 2021.00
|w 2021-11-03
|y BKN
|
| 952 |
|
|
|0 0
|1 0
|2 ddc
|3 τ.2
|4 0
|6 889_334000000000000_ΚΑΝ
|7 0
|9 359447
|a LISP
|b LISP
|c DON
|d 2022-04-28
|e ΠΑΤ
|i 148463
|l 0
|o 889.334 ΚΑΝ
|p 025000292006
|r 2022-04-28 00:00:00
|t 2
|w 2022-04-28
|y BKN
|
| 952 |
|
|
|0 0
|1 0
|2 ddc
|3 τ.1
|4 0
|6 889_334000000000000_ΚΑΝ
|7 0
|9 362486
|a LISP
|b LISP
|c DON
|d 2022-07-13
|e ΠΑΤ
|i 148462
|l 0
|o 889.334 ΚΑΝ
|p 025000294371
|r 2022-07-13 00:00:00
|t 2
|w 2022-07-13
|y BKN
|
| 999 |
|
|
|c 184703
|d 184703
|
| 020 |
|
|
|a 9789604691128
|
| 020 |
|
|
|a 9789604691142
|q (τ. 1)
|
| 020 |
|
|
|a 9789604691135
|q (τ. 2)
|
| 040 |
|
|
|a GR-PaULI
|b gre
|c GR-PaULI
|e AACR2
|
| 082 |
0 |
4 |
|a 889.334
|2 23
|
| 100 |
1 |
|
|9 146902
|a Κανελλόπουλος, Παναγιώτης Κ.,
|d 1902-1986,
|e συγγραφέας.
|
| 245 |
1 |
0 |
|a Γεννήθηκα στο χίλια τετρακόσια δύο /
|c Παναγιώτης Κανελλόπουλος.
|
| 260 |
|
|
|a Αθήνα :
|b Το Βήμα,
|c c2008.
|
| 300 |
|
|
|a 2 τ. ;
|c 21 εκ.
|
| 490 |
1 |
|
|a Ιστορία στη λογοτεχνία;
|v 10 - 11.
|
| 500 |
|
|
|a Η παρούσα έκδοση αποτελεί αναπαραγωγή σε μοντονικό της έκδοσης Παναγιώτη Κανελλόπουλου, Γεννήθηκα στο Χίλια Τετρακόσια Δύο, Βιβλιοπωλείον της "Εστίας", Αθήνα 2006 (7η έκδοση). Έχει τηρηθεί απολύτως η ορθογραφία και η στίξη του πρωτοτύπου.
|
| 500 |
|
|
|a τ. 1. - 389 σ. -- τ. 2. - 432 σ.
|
| 830 |
|
|
|a Ιστορία στη λογοτεχνία (Το Βήμα)
|v 10-11.
|9 188224
|
| 942 |
|
|
|2 ddc
|c BK
|
| 998 |
|
|
|c Σαλαμούρα
|d 2021-11
|